| 000 | 00000nam##2200000za#4500 |
| 001 | 9.597770 |
| 003 | CaOODSP |
| 005 | 20210624204217 |
| 007 | cr ||||||||||| |
| 008 | 150406|2001||||xxc|||||o f|0| 0 fre|d |
| 040 | |aCaOODSP|bfre |
| 043 | |an-cn--- |
| 086 | 1 |aPF3-2/23-2001F-PDF |
| 110 | 1 |aCanada.|bBureau d'information du Canada. |
| 245 | 10|aL'histoire du Canada |h[ressource électronique] |
| 260 | |aOttawa - Ontario : |bBureau d'information du Canada |cc2001. |
| 300 | |a5p. |
| 490 | 1 |aLe Canada en faits |
| 590 | |a09-06-Supp|b2009-07-27 |
| 775 | 08|tCanada's history |w(CaOODSP)9.557642 |
| 830 | #0|aLe Canada en faits.|w(CaOODSP)9.502102 |
| 856 | 40|ahttp://publications.gc.ca|qPDF|s155 Ko|uhttps://publications.gc.ca/collections/Collection/PF3-2-23-2001F.pdf |